书目信息 |
| 题名: |
图书分类学
|
|
| 作者: | 白国应 编 | |
| 分册: | ||
| 出版信息: | 北京 书目文献出版社 1981 |
|
| 页数: | 537页 | |
| 开本: | 25cm | |
| 丛书名: | ||
| 单 册: | ||
| 中图分类: | G254.1 | |
| 科图分类: | ||
| 主题词: | 分类法 | |
| 电子资源: | ||
| ISBN: | ||
| 000 | 00730nam0 2200241 45 | |
| 001 | 0181007590 | |
| 005 | 20060810174045.43 | |
| 010 | @dCNY3.25 | |
| 091 | @a7201.16 | |
| 100 | @a19950624d1981 em y0chiy0121 ea | |
| 101 | 0 | @achi |
| 102 | @aCN@b110000 | |
| 105 | @ay z 000yy | |
| 200 | 10 | @a图书分类学@Atu shu fen lei xue@e图书分类理论与实践@ETu Shu Fen Lei Li Lun Yu Shi Jian@f白国应编@Fbai guo ying bian |
| 210 | @a北京@c书目文献出版社@d1981 | |
| 215 | @a537页@d25cm | |
| 517 | @a图书分类理论与实践@ATu Shu Fen Lei Li Lun Yu Shi Jian | |
| 606 | 0 | @a分类法 |
| 690 | @aG254.1@v3 | |
| 701 | 0 | @a白国应@Abai guo ying@4编 |
| 801 | 2 | @aCN@bNLC@c20060810 |
| 801 | 0 | @aCN@b上海图书馆@c20060425 |
| 905 | @dG254.1@e5@f1@b86336 | |
| 图书分类学:图书分类理论与实践/白国应编.-北京:书目文献出版社,1981 |
| 537页;25cm |
| ISBN :CNY3.25 |
| ● |
| 相关链接 |
|
|
|
|
正题名:图书分类学
索取号:G254.1/5
 
预约/预借
| 序号 | 登录号 | 条形码 | 馆藏地/架位号 | 状态 | 备注 |
| 1 | 0448560 | 204485609 | 密集书库/ [索取号:G254.1/5] | 在馆 |